| Tag |
First Indicator |
Second Indicator |
Subfields |
| LEADER |
00000cam a2200000 a 4500 |
| 001 |
in00000081327 |
| 005 |
20151008061030.0 |
| 008 |
741209s1974 xx 00010 engm |
| 010 |
|
|
|a 74193177
|
| 035 |
|
|
|a (OCoLC)03242017
|
| 035 |
|
|
|9 AAJ7149AM
|
| 040 |
|
|
|a DLC
|c DLC
|d m.c.
|d TXA
|d UtOrBLW
|
| 043 |
|
|
|a n-us---
|
| 049 |
|
|
|a TXAM
|c [387024]
|
| 050 |
0 |
0 |
|a KF5698.Z9
|b A4
|
| 082 |
0 |
|
|a 346/.73/04677
|
| 110 |
2 |
|
|a American Bar Association.
|b Special Committee on Environmental Law.
|
| 245 |
1 |
0 |
|a Development and the environment :
|b legal reforms to facilitate industrial site selection : final report /
|c by the Special Committee on Environmental Law, American Bar Association.
|
| 264 |
|
1 |
|a [Place of publication not identified] :
|b The Committee,
|c [1974?]
|
| 300 |
|
|
|a iv, 87 pages ;
|c 28 cm.
|
| 336 |
|
|
|a text
|b txt
|2 rdacontent
|
| 337 |
|
|
|a unmediated
|b n
|2 rdamedia
|
| 338 |
|
|
|a volume
|b nc
|2 rdacarrier
|
| 500 |
|
|
|a Cover title.
|
| 650 |
|
0 |
|a Industrial sites
|x Law and legislation
|z United States.
|
| 650 |
|
0 |
|a Environmental law
|z United States.
|
| 650 |
|
0 |
|a Regional planning
|x Law and legislation
|z United States.
|
| 999 |
|
|
|a MARS
|
| 999 |
f |
f |
|s b75f3469-16cf-383e-bc21-2126e4a92b6b
|i 02300ce0-dc65-3374-921f-8b142f7cf88e
|t 0
|
| 952 |
f |
f |
|p ric
|a Texas A&M University
|b Rellis Campus
|c Joint Library Facility
|d Remote Storage
|t 0
|e KF5698.Z9 A4
|h Library of Congress classification
|i unmediated -- volume
|m A14806156555
|
| 998 |
f |
f |
|a KF5698.Z9 A4
|t 0
|l Remote Storage
|